| 000 | 00714nam a2200205 a 4500 | ||
|---|---|---|---|
| 001 | BRCA_1786 | ||
| 005 | 20190320203541.0 | ||
| 008 | 841128s1982 mx-a---##b---f000-0#spa-# | ||
| 020 | _a9685803994 | ||
| 040 |
_aDLC _cDLC _dDLC |
||
| 050 | 4 |
_aF1391.Z3 _b.K87 1982 |
|
| 100 | 1 |
_aKuri Breña, Daniel _95571 |
|
| 245 | 1 | 0 |
_aZacatecas _bcivilizadora del norte : pequeña biografía de una rara ciudad _cDaniel Kuri Breña ; ilustraciones y capitulares de Francisco Moreno Capdevila. |
| 260 |
_aMéxico _bUNAM _c1982 |
||
| 300 |
_aix, 127 p. _bil. a color _c31 cm. |
||
| 504 | _aIncluye referencias bibliográficas | ||
| 651 | 4 |
_aZacatecas _zMéxico _95572 |
|
| 700 | 1 |
_aMoreno Capdevila, Francisco _95573 |
|
| 942 |
_2lcc _cB |
||
| 999 |
_c1568 _d1568 |
||